[Event "Mechanics' Spring TNM; 30/90, SD/30"]
[Site "San Francisco"]
[Date "2013.04.16"]
[Round "5.24"]
[White "Wang, Yuan"]
[Black "Solomonik, Edgar"]
[Result "1-0"]
[WhiteElo "2012"]
[BlackElo "1779"]
[PlyCount "59"]
[EventDate "2013.??.??"]

1. e4 c6 2. d4 d5 3. Nc3 dxe4 4. Nxe4 Bf5 5. Ng3 Bg6 6. h4 h6 7. Nf3 Nd7 8. h5
Bh7 9. Bd3 Bxd3 10. Qxd3 Qc7 11. Bd2 e6 12. O-O-O Ngf6 13. Ne4 Nxe4 14. Qxe4
Nf6 15. Qe2 O-O-O 16. g3 Bd6 17. Ne5 c5 18. Nc4 cxd4 19. Nxd6+ Qxd6 20. Bf4 Qc5
21. Qe5 Qxe5 22. Bxe5 Ng4 23. Bxd4 e5 24. Bxa7 f5 25. a4 Kc7 26. a5 Kc6 27. c4
Nf6 28. b4 Rxd1+ 29. Rxd1 Nxh5 30. Bb6 1-0

[Event "Mechanics' Winter TNM; 30/90, SD/30"]
[Site "San Francisco"]
[Date "2013.01.15"]
[Round "2.10"]
[White "Watson, Farid"]
[Black "Alzhin, Leonid"]
[Result "1-0"]
[WhiteElo "2040"]
[BlackElo "1828"]
[PlyCount "85"]
[EventDate "2013.??.??"]

1. e4 e5 2. Nf3 Nc6 3. Bb5 a6 4. Ba4 Nf6 5. O-O d6 6. Re1 Bg4 7. c3 Be7 8. h3
Bh5 9. d3 O-O 10. Nbd2 Nd7 11. Nf1 Nc5 12. Bc2 f5 13. exf5 Rxf5 14. g4 Rxf3 15.
Qxf3 Bg6 16. b4 Ne6 17. Bb3 Bf7 18. Ng3 Qd7 19. Nf5 Bf6 20. Bd2 Kh8 21. Qg3 Bg6
22. Nh4 Bxh4 23. Qxh4 Bxd3 24. Rad1 Rf8 25. Bd5 Ne7 26. Bxe6 Qxe6 27. f4 Qf7
28. f5 e4 29. Be3 Nc6 30. Bd4 Nxd4 31. cxd4 Qxa2 32. Qe7 Rg8 33. f6 gxf6 34.
Qxf6+ Rg7 35. Rxd3 exd3 36. Re8+ Qg8 37. Rxg8+ Kxg8 38. Qd8+ Kf7 39. Qxc7+ Kg8
40. Qc4+ Rf7 41. Qxd3 Kf8 42. Qe4 Kg7 43. Qd5 1-0

[Event "Mechanics' Winter TNM; 30/90, SD/30"]
[Site "San Francisco"]
[Date "2013.02.12"]
[Round "6.1"]
[White "Watson, Farid"]
[Black "Fuentes, Romulo"]
[Result "0-1"]
[WhiteElo "2040"]
[BlackElo "2229"]
[PlyCount "66"]
[EventDate "2013.??.??"]

1. e4 c5 2. Nf3 d6 3. d4 cxd4 4. Nxd4 Nf6 5. Nc3 a6 6. f4 Qb6 7. Be2 e6 8. a4
Nc6 9. Nb3 Bd7 10. a5 Qc7 11. Be3 Be7 12. O-O Rc8 13. f5 Ne5 14. Bb6 Qb8 15.
Nd4 O-O 16. g4 h6 17. Qe1 Nexg4 18. Qg3 Ne5 19. Bd3 Kh8 20. Rf2 Nxd3 21. cxd3
e5 22. Nde2 Bc6 23. Rg2 Rg8 24. Qh3 d5 25. Be3 d4 26. Bd2 dxc3 27. bxc3 Qd6 28.
Rd1 Rcd8 29. Nc1 Kh7 30. Rf1 Qc5+ 31. Rff2 Bxe4 32. Be3 Bxg2 33. Rxg2 Qxc3 0-1

[Event "Mechanics' Winter TNM; 30/90, SD/30"]
[Site "San Francisco"]
[Date "2013.01.29"]
[Round "4.5"]
[White "Watson, Farid"]
[Black "Kokesh, Tim"]
[Result "1-0"]
[WhiteElo "2040"]
[BlackElo "2118"]
[PlyCount "53"]
[EventDate "2013.??.??"]

1. e4 c5 2. Nf3 d6 3. d4 cxd4 4. Nxd4 Nf6 5. Nc3 g6 6. Be2 Bg7 7. Be3 O-O 8.
O-O Nc6 9. Qd2 Bd7 10. Kh1 Rc8 11. f4 a6 12. Rad1 b5 13. a3 Qc7 14. Nb3 Rfd8
15. Bf3 Be6 16. Nd5 Bxd5 17. exd5 Nb8 18. c3 Qc4 19. Qc2 b4 20. axb4 Qxb4 21.
Rd4 Qb7 22. Ra1 Nfd7 23. Rda4 Qb5 24. Nd4 Bxd4 25. Bxd4 Nb6 26. Ra5 Qb4 27. Qf2
1-0

[Event "Mechanics' Winter TNM; 30/90, SD/30"]
[Site "San Francisco"]
[Date "2013.02.26"]
[Round "8.7"]
[White "Watson, Farid"]
[Black "Maser, Thomas"]
[Result "1/2-1/2"]
[WhiteElo "2040"]
[BlackElo "1993"]
[PlyCount "56"]
[EventDate "2013.??.??"]

1. e4 e5 2. Nf3 Nc6 3. Bb5 a6 4. Ba4 d6 5. c3 Bd7 6. O-O Nf6 7. Re1 g6 8. d4
Qe7 9. Nbd2 Bg7 10. Bc2 O-O 11. Nf1 Bg4 12. d5 Nb8 13. c4 c6 14. Bg5 cxd5 15.
cxd5 h6 16. Be3 Rc8 17. Bd3 Nbd7 18. N1d2 Nc5 19. Bxc5 Rxc5 20. Nb3 Rc7 21. h3
Bxf3 22. Qxf3 Rac8 23. Rac1 Rxc1 24. Rxc1 Rxc1+ 25. Nxc1 Qc7 26. Nb3 Nd7 27.
Qe2 Bf6 28. Qc2 Bd8 1/2-1/2

[Event "Mechanics' Fall TNM; 30/90, SD/30"]
[Site "San Francisco"]
[Date "2013.11.12"]
[Round "4.2"]
[White "Watson, Farid Mark"]
[Black "Byambaa, Uyanga"]
[Result "1/2-1/2"]
[WhiteElo "2078"]
[BlackElo "2066"]
[PlyCount "85"]
[EventDate "2013.??.??"]

1. d4 Nf6 2. c4 g6 3. Nc3 Bg7 4. e4 d6 5. Nf3 O-O 6. Be2 e5 7. O-O Nc6 8. d5
Ne7 9. b4 a5 10. Ba3 Nd7 11. bxa5 Rxa5 12. Bb4 Ra8 13. a4 f5 14. Ng5 Nc5 15.
Bxc5 dxc5 16. Ra3 h6 17. Nf3 Kh7 18. Ne1 fxe4 19. Nxe4 Nf5 20. Bg4 b6 21. Nf3
Ne3 22. Nfg5+ hxg5 23. Rxe3 Bxg4 24. Qxg4 Bf6 25. Ra1 Kg7 26. Rea3 Ra5 27. g3
Qe7 28. Rd1 Qe8 29. d6 cxd6 30. Rxd6 Be7 31. Rxb6 Rxa4 32. Rxa4 Qxa4 33. Rb7
Rf7 34. Nxg5 Bxg5 35. Rxf7+ Kxf7 36. Qxg5 Qxc4 37. Qxe5 Qc1+ 38. Kg2 c4 39. Kf3
c3 40. Qd5+ Kf6 41. Qd6+ Kf7 42. Qd7+ Kf6 43. Qd6+ 1/2-1/2

[Event "Mechanics' Summer TNM; 30/90, SD/30"]
[Site "San Francisco"]
[Date "2013.07.16"]
[Round "8.2"]
[White "Watson, Farid Mark"]
[Black "Doyle, Bryon"]
[Result "1/2-1/2"]
[WhiteElo "2027"]
[BlackElo "2052"]
[PlyCount "60"]
[EventDate "2013.??.??"]

1. e4 e5 2. Nf3 Nc6 3. Bb5 a6 4. Ba4 Nf6 5. O-O Be7 6. d3 b5 7. Bb3 d6 8. a4
Bb7 9. c3 O-O 10. Nbd2 Na5 11. Bc2 c5 12. d4 cxd4 13. cxd4 Qc7 14. Bd3 Rfc8 15.
axb5 axb5 16. d5 Nc4 17. Rxa8 Rxa8 18. b3 Nxd2 19. Bxd2 h6 20. Qb1 Qb6 21. Rc1
Ng4 22. Be1 f5 23. h3 Nf6 24. Bb4 fxe4 25. Bxe4 Bxd5 26. Bxd5+ Nxd5 27. Qe4 Nc7
28. Nxe5 d5 29. Qe1 Bxb4 30. Qxb4 Qe6 1/2-1/2

[Event "Mechanics' Summer TNM; 30/90, SD/30"]
[Site "San Francisco"]
[Date "2013.05.28"]
[Round "1.14"]
[White "Watson, Farid Mark"]
[Black "Hack, Richard"]
[Result "1-0"]
[WhiteElo "2027"]
[BlackElo "1633"]
[Annotator "Donaldson"]
[PlyCount "67"]
[EventDate "2013.??.??"]

1. e4 e5 2. Nf3 Nc6 3. Bb5 a6 4. Ba4 Nf6 5. O-O Nxe4 6. d4 b5 7. Bb3 d5 8. dxe5
Be6 9. Nbd2 Nc5 10. c3 Nd3 11. a4 Ndxe5 12. axb5 axb5 13. Nxe5 Nxe5 14. Rxa8
Qxa8 15. Qe2 Nc4 16. Nf3 Be7 17. Nd4 Qa6 18. Re1 Kd7 19. Bf4 Bf6 20. Nf3 Re8
21. Rd1 c6 22. Bxc4 bxc4 23. Qe3 Bg4 24. Qc5 Re6 25. Qf8 Bh5 26. Qb8 Qc8 27.
Qa7+ Ke8 28. Ra1 Bxf3 29. gxf3 Bd8 30. Qc5 Bc7 $4 (30... Qb7 31. Ra7 Qxb2) 31.
Bxc7 Rg6+ 32. Bg3 Re6 33. Kg2 Re2 34. Ra7 1-0

[Event "Mechanics' Summer TNM; 30/90, SD/30"]
[Site "San Francisco"]
[Date "2013.07.09"]
[Round "7.6"]
[White "Watson, Farid Mark"]
[Black "Hua, Arnold"]
[Result "1-0"]
[WhiteElo "2027"]
[BlackElo "1989"]
[Annotator "Donaldson"]
[PlyCount "59"]
[EventDate "2013.??.??"]

1. e4 c5 2. Nf3 d6 3. d4 cxd4 4. Nxd4 Nf6 5. Nc3 a6 6. Bc4 e6 7. Bb3 Be7 8. f4
b5 9. e5 dxe5 10. fxe5 Nfd7 11. Bxe6 Nxe5 12. Bxc8 Qxc8 13. Nd5 Bc5 14. Bf4 O-O
15. b4 Bd6 16. O-O Qd8 17. Nf5 Nbc6 18. Rb1 (18. Bh6 $5 gxh6 19. Nxd6) (18. a4
$1 bxa4 19. c4 $16) 18... g6 19. Nh6+ Kg7 20. Rb3 Nc4 21. Bc1 Be5 22. Rd3 Qd6
23. Ng4 Rfd8 24. Bh6+ Kh8 25. Rxf7 Qe6 26. Rf1 $4 (26. Qf1 $1 $18) 26... Nb2
27. Qf3 Nxd3 28. cxd3 Qxd5 $19 29. Nxe5 Nxe5 $4 (29... Qxf3 30. Nxf3 Rxd3 $19)
30. Qf6+ 1-0

[Event "Mechanics' Spring TNM; 30/90, SD/30"]
[Site "San Francisco"]
[Date "2013.03.26"]
[Round "2.8"]
[White "Watson, Farid Mark"]
[Black "Luke, Gary"]
[Result "1-0"]
[WhiteElo "2033"]
[BlackElo "1809"]
[PlyCount "87"]
[EventDate "2013.??.??"]

1. e4 e5 2. Nf3 Nc6 3. Bb5 Nge7 4. O-O g6 5. d4 exd4 6. Nxd4 Bg7 7. Be3 O-O 8.
Nc3 Nxd4 9. Bxd4 d6 10. Bxg7 Kxg7 11. Qd4+ f6 12. Rad1 Be6 13. Kh1 a6 14. Be2
Nc6 15. Qe3 Qe8 16. Qg3 Nb4 17. Rd2 a5 18. a3 Na6 19. f4 Qf7 20. f5 Bc4 21. Rd4
Bxe2 22. Nxe2 g5 23. Nf4 Nc5 24. b4 axb4 25. axb4 Kh8 26. bxc5 gxf4 27. Qxf4
dxc5 28. Rd5 Rfd8 29. Rxc5 c6 30. Rc3 Rd4 31. g4 Raa4 32. Re3 Qe7 33. Rfe1 Kg7
34. Kg2 Rd2+ 35. R1e2 Rad4 36. Kf3 Qc5 37. g5 fxg5 38. Qxg5+ Kf7 39. e5 Kf8 40.
e6 Qd5+ 41. Kf2 Rxe2+ 42. Rxe2 Re4 43. Rxe4 Qxe4 44. Qf6+ 1-0

[Event "Mechanics' Spring TNM; 30/90, SD/30"]
[Site "San Francisco"]
[Date "2013.05.07"]
[Round "8.8"]
[White "Watson, Farid Mark"]
[Black "Manvelyan, Hovik"]
[Result "1-0"]
[WhiteElo "2033"]
[BlackElo "1920"]
[PlyCount "41"]
[EventDate "2013.??.??"]

1. e4 c6 2. Nc3 g6 3. d4 Bg7 4. Be3 d5 5. Nf3 e6 6. Be2 h6 7. O-O Ne7 8. Qd2
Nd7 9. Rad1 b6 10. exd5 Nxd5 11. Nxd5 cxd5 12. Bb5 Kf8 13. c4 Bb7 14. Ne5 Nxe5
15. dxe5 a6 16. Ba4 Bxe5 17. Bb3 Qh4 18. f4 Bc7 19. cxd5 Rd8 20. Qc3 Ke7 21.
Qxc7+ 1-0

[Event "Mechanics' Spring TNM; 30/90, SD/30"]
[Site "San Francisco"]
[Date "2013.04.09"]
[Round "4.1"]
[White "Watson, Farid Mark"]
[Black "Shakhnazarov, Oleg"]
[Result "0-1"]
[WhiteElo "2033"]
[BlackElo "2184"]
[Annotator "Donaldson"]
[PlyCount "72"]
[EventDate "2013.??.??"]

1. e4 c5 2. Nf3 Nc6 3. d4 cxd4 4. Nxd4 e5 5. Nb5 d6 6. a4 a6 7. N5c3 Be6 8. g3
Nf6 9. Bg2 Be7 10. Bg5 h6 11. Bxf6 Bxf6 12. O-O O-O 13. Nd5 Rc8 14. c3 g6 15.
Na3 Bg7 16. Nc2 Ne7 17. Nce3 Nxd5 18. Nxd5 h5 19. Qd3 h4 20. Rfd1 h3 21. Bf1
Bh6 22. Ra3 f6 23. Rb3 Rf7 24. Rb4 Kg7 25. Rc4 Rb8 26. b4 f5 27. b5 axb5 28.
axb5 fxe4 29. Qxe4 Bxd5 30. Rxd5 Qb6 31. Bxh3 Qxf2+ 32. Kh1 Ra8 33. Rd1 Ra2 34.
Bg2 Re2 35. Rb4 (35. Qd5 Re1+) 35... Rxe4 36. Rxe4 Qc2 0-1

[Event "Mechanics' Summer TNM; 30/90, SD/30"]
[Site "San Francisco"]
[Date "2013.06.11"]
[Round "3.12"]
[White "Watson, Farid Mark"]
[Black "Simpkins, Jerry"]
[Result "1-0"]
[WhiteElo "2027"]
[BlackElo "1441"]
[PlyCount "43"]
[EventDate "2013.??.??"]

1. d4 d5 2. c4 c5 3. cxd5 Qxd5 4. Nf3 cxd4 5. Nc3 Qd8 6. Qxd4 Qxd4 7. Nxd4 e5
8. Ndb5 Na6 9. Bg5 f6 10. Bd2 Be6 11. g3 Rc8 12. Bg2 Nb4 13. O-O a6 14. Na3 Rc7
15. Rac1 Bc5 16. Ne4 Bxf2+ 17. Kxf2 Rxc1 18. Rxc1 Nxa2 19. Rc7 Ne7 20. Nd6+ Kd8
21. Rxb7 Rg8 22. Ba5# 1-0

[Event "Mechanics' Fall TNM; 30/90, SD/30"]
[Site "San Francisco"]
[Date "2013.12.17"]
[Round "9.4"]
[White "Watson, Farid Mark"]
[Black "Todortsev, Victor"]
[Result "0-1"]
[WhiteElo "2078"]
[BlackElo "1932"]
[PlyCount "107"]
[EventDate "2013.??.??"]

1. d4 d5 2. c4 e6 3. Nc3 Nf6 4. cxd5 exd5 5. e3 Bf5 6. Bd3 Bxd3 7. Qxd3 c6 8.
Nge2 Bd6 9. Ng3 O-O 10. O-O Re8 11. Bd2 Nbd7 12. Rae1 Qc7 13. f4 Re6 14. e4
dxe4 15. Ngxe4 Rae8 16. g3 Bf8 17. Kg2 Qb6 18. b3 Bb4 19. Ng5 Rxe1 20. Rxe1
Rxe1 21. Bxe1 h6 22. Nf3 Qa5 23. a4 Bxc3 24. Bxc3 Qd5 25. Bd2 Nc5 26. Qc4 Nxb3
27. Qxd5 Nxd5 28. Kf2 a5 29. Ke2 Nb6 30. Kd3 Nxa4 31. Ne5 Nxd2 32. Kxd2 Nb6 33.
Kc3 Kf8 34. f5 Ke7 35. Ng4 Nd5+ 36. Kb3 f6 37. Nf2 Ne3 38. g4 Kd6 39. h3 Kd5
40. Kc3 b5 41. Nd3 Nd1+ 42. Kb3 Kxd4 43. Nf4 c5 44. Ne6+ Kd5 45. Nc7+ Kc6 46.
Ne6 c4+ 47. Kc2 Ne3+ 48. Kb2 b4 49. Nxg7 a4 50. Ne6 c3+ 51. Kb1 b3 52. Kc1 Kd5
53. Nf4+ Kc4 54. Ne2 0-1

[Event "Mechanics' Fall TNM; 30/90, SD/30"]
[Site "San Francisco"]
[Date "2013.11.26"]
[Round "6.1"]
[White "Watson, Farid Mark"]
[Black "Tsodikova, Natalya"]
[Result "0-1"]
[WhiteElo "2078"]
[BlackElo "2234"]
[Annotator "Winslow,Elliott C"]
[PlyCount "92"]
[EventDate "2013.??.??"]

1. d4 Nf6 2. c4 g6 3. Nc3 Bg7 4. e4 d6 5. Nf3 O-O 6. Be2 Bg4 7. Be3 Nfd7 8. h3
Bxf3 9. Bxf3 c5 10. d5 Na6 11. O-O Nc7 12. Be2 a6 13. a4 Re8 14. Qd2 e6 15.
Rab1 exd5 16. exd5 b5 17. cxb5 axb5 18. Nxb5 Nxb5 19. Bxb5 Re4 20. b4 Bd4 21.
Rfe1 (21. Bc6) 21... Rb8 22. Bxd4 (22. Bxd7 Qxd7 23. bxc5 Rxb1 24. Rxb1 Bxe3
25. fxe3 dxc5 26. Rb8+ Kg7 27. a5) 22... Rxd4 23. Qc3 Rxd5 24. Re3 (24. bxc5
$16) 24... cxb4 25. Qc6 $2 (25. Qxb4 $14) 25... Nf6 26. Rbe1 $2 (26. Qc4 Rc5
27. Qd4 Rbc8 28. Ree1 $11) 26... Rc5 $6 (26... Rc8 27. Qb7 Rdc5 $17) 27. Qf3
$15 Kg7 28. Re7 Rc7 29. R7e3 d5 30. Re5 $2 (30. Qf4 Rbc8 31. Qxb4 Rc1 32. Rxc1
Rxc1+ 33. Re1 $11) 30... Rc3 $19 31. Qf4 Qd6 32. Qd4 Rbc8 33. g3 b3 34. R5e3
Qc5 35. Qxc3 Qxc3 36. Rxc3 Rxc3 37. Rb1 Ne4 38. Rb2 Nc5 39. a5 Rc2 40. Rb1 Ra2
41. a6 Kf6 42. Kg2 Ke5 43. Kf3 Kd4 44. Bc6 Rxa6 45. Rd1+ Kc3 46. Bxd5 b2 0-1

[Event "Mechanics' Spring TNM; 30/90, SD/30"]
[Site "San Francisco"]
[Date "2013.04.30"]
[Round "7.5"]
[White "Watson, Farid Mark"]
[Black "Tsodikova, Natalya"]
[Result "0-1"]
[WhiteElo "2033"]
[BlackElo "2262"]
[PlyCount "56"]
[EventDate "2013.??.??"]

1. e4 c5 2. Nf3 d6 3. d4 cxd4 4. Nxd4 Nf6 5. Nc3 a6 6. Bc4 e6 7. Bb3 Be7 8. Bg5
b5 9. f4 b4 10. Na4 Nxe4 11. Bxe7 Qxe7 12. Qg4 O-O 13. Nb6 Qa7 14. f5 Qxb6 15.
Qxe4 Bb7 16. Qd3 e5 17. Ne2 Nd7 18. O-O-O Nc5 19. Qg3 Ne4 20. Qh4 Qe3+ 21. Kb1
Qxe2 22. Rde1 Nd2+ 23. Kc1 Nxb3+ 24. axb3 Qb5 25. f6 e4 26. Rhf1 Rfc8 27. g4
Rxc2+ 28. Kxc2 Qd3+ 0-1

[Event "Mechanics' Fall TNM; 30/90, SD/30"]
[Site "San Francisco"]
[Date "2013.10.29"]
[Round "2.4"]
[White "Watson, Farid Mark"]
[Black "Veksler, Alexander"]
[Result "1-0"]
[WhiteElo "2078"]
[BlackElo "1874"]
[PlyCount "31"]
[EventDate "2013.??.??"]

1. d4 d5 2. c4 e6 3. Nc3 Nf6 4. cxd5 exd5 5. Bg5 Be7 6. e3 c6 7. Bd3 Nbd7 8.
Qc2 b5 9. a3 Qa5 10. Rc1 Rb8 11. Nge2 b4 12. axb4 Qxb4 13. O-O Qxb2 14. Qa4 Qb6
15. Bf4 Ra8 16. Rb1 1-0

[Event "Mechanics' Fall TNM; 30/90, SD/30"]
[Site "San Francisco"]
[Date "2013.12.10"]
[Round "8.22"]
[White "Weiss, Nicholas G"]
[Black "Bachseitz, Martin"]
[Result "1/2-1/2"]
[WhiteElo "1191"]
[BlackElo "1632"]
[PlyCount "72"]
[EventDate "2013.??.??"]

1. e4 e5 2. Nf3 Nc6 3. Bb5 a6 4. Ba4 Nf6 5. O-O Be7 6. c3 b5 7. Bc2 d6 8. h3
Bb7 9. Re1 O-O 10. d4 Nd7 11. Qd3 Na5 12. b3 c5 13. Bb2 c4 14. Qe2 Qc7 15. Nbd2
Rac8 16. d5 b4 17. Rac1 cxb3 18. Nxb3 Nxb3 19. axb3 bxc3 20. Bd3 Qb6 21. Bxc3
Qxb3 22. Nd2 Qb6 23. Nc4 Qa7 24. Bb4 Nc5 25. Qe3 Bg5 26. Bxc5 Bxe3 27. Bxa7
Bxc1 28. Rxc1 a5 29. Ra1 Ba6 30. Nxd6 Bxd3 31. Nxc8 Rxc8 32. d6 Rd8 33. Rc1 f6
34. Bb8 Rxb8 35. d7 Ba6 36. Rc6 Rd8 1/2-1/2

[Event "Mechanics' Fall TNM; 30/90, SD/30"]
[Site "San Francisco"]
[Date "2013.11.26"]
[Round "6.14"]
[White "Weiss, Nicholas G"]
[Black "Uzzaman, Ashik"]
[Result "0-1"]
[WhiteElo "1191"]
[BlackElo "1923"]
[PlyCount "102"]
[EventDate "2013.??.??"]

1. d4 Nf6 2. c4 e6 3. Bg5 h6 4. Bh4 d5 5. e3 Be7 6. Nc3 O-O 7. Nf3 b6 8. Qc2
Ba6 9. Ne5 dxc4 10. Be2 Nd5 11. Bxe7 Qxe7 12. O-O b5 13. Ne4 Nd7 14. Nc6 Qe8
15. a4 bxa4 16. Bxc4 Bxc4 17. Qxc4 N7b6 18. Qc5 Qd7 19. Rfe1 Rfe8 20. Ra3 Ne7
21. Ne5 Qd5 22. Qc2 f6 23. Nxf6+ gxf6 24. e4 Qxd4 25. Rg3+ Kh7 26. Ng4 Rad8 27.
e5+ f5 28. Nf6+ Kh8 29. Qxc7 Nbd5 30. Qc1 Qf4 31. Nxe8 Qxc1 32. Rxc1 Rxe8 33.
Rc4 Rc8 34. Rxc8+ Nxc8 35. Rg6 Nf4 36. Rxh6+ Kg7 37. Rf6 Nb6 38. g3 Ne2+ 39.
Kg2 Nd4 40. h4 Nd7 41. f4 Nxf6 42. exf6+ Kxf6 43. Kf2 Kg6 44. Ke3 Nc6 45. Kd3
Kh5 46. Kc4 Kg4 47. Kb5 Ne7 48. Kxa4 Kxg3 49. h5 Kxf4 50. h6 Kg5 51. h7 Ng6 0-1

[Event "Mechanics' Neil Falconer TNM; 30/90, SD"]
[Site "San Francisco"]
[Date "2013.08.06"]
[Round "1.1"]
[White "Whitehead, Paul"]
[Black "Delaney, Will"]
[Result "1/2-1/2"]
[WhiteElo "2385"]
[BlackElo "1800"]
[PlyCount "51"]
[EventDate "2013.??.??"]

1. e4 c5 2. Nf3 Nc6 3. Bb5 d6 4. O-O Nf6 5. Re1 Bd7 6. c4 g6 7. Nc3 Bg7 8. Rb1
O-O 9. a3 Bg4 10. Bxc6 bxc6 11. h3 Bxf3 12. Qxf3 Nd7 13. d3 Rb8 14. Bd2 Rb3 15.
Qd1 Qb6 16. Na4 Qb7 17. Bb4 Rxd3 18. Qxd3 cxb4 19. Qb3 a5 20. Rbd1 Rb8 21. axb4
axb4 22. Qe3 Ne5 23. b3 c5 24. Kh1 Ra8 25. Nxc5 $6 dxc5 26. Qxc5 1/2-1/2

[Event "Mechanics' Neil Falconer TNM; 30/90, SD"]
[Site "San Francisco"]
[Date "2013.09.24"]
[Round "8.3"]
[White "Whitehead, Paul"]
[Black "Doyle, Bryon"]
[Result "1/2-1/2"]
[WhiteElo "2385"]
[BlackElo "2046"]
[Annotator "Donaldson"]
[PlyCount "94"]
[EventDate "2013.??.??"]

1. Nf3 Nf6 2. g3 g6 3. Bg2 Bg7 4. O-O O-O 5. d3 c5 6. e4 d6 7. Nc3 Nc6 8. h3
Rb8 9. a4 a6 10. Be3 Nd7 11. d4 cxd4 12. Nxd4 Nde5 13. b3 Qa5 14. Nd5 Qd8 15.
c4 e6 16. Nc3 Nb4 17. Na2 Nec6 18. Nxb4 Nxb4 19. Qd2 Nc6 20. Rad1 (20. Rfd1 Na5
21. Rab1) 20... Na5 21. Qd3 e5 22. Ne2 Be6 23. Qc3 b5 24. axb5 axb5 25. Bc5
bxc4 26. Rxd6 (26. Bxd6 Nxb3 27. Bxb8 Qxb8 $132) 26... Qc7 27. b4 Nb7 28. Rxe6
Nxc5 29. bxc5 fxe6 30. Qxc4 Rbc8 31. Rc1 (31. Qxe6+ Qf7) 31... Qf7 32. c6 Bh6 (
32... Qxf2+) 33. f4 exf4 34. gxf4 e5 35. Qd5 exf4 36. Bf3 Rfd8 37. Qb5 Qa7+ 38.
Kg2 Qe7 39. Rc5 Rd6 40. e5 Qg5+ 41. Kh2 Rd2 42. Bg4 Qh4 43. Qb3+ Kh8 44. Qf3 {
Diagram #} Rc7 (44... Ra8 $1 45. c7 Rxe2+ 46. Qxe2 Qg3+) 45. e6 Rd3 $2 $138 (
45... Bf8 46. Rc4 (46. Qc3+ Kg8 47. Qxd2 Qf2+ 48. Kh1 f3 $19)) 46. Qxd3 Qf2+
47. Kh1 Qf1+ 1/2-1/2

[Event "Mechanics' Neil Falconer TNM; 30/90, SD"]
[Site "San Francisco"]
[Date "2013.09.10"]
[Round "6.8"]
[White "Whitehead, Paul"]
[Black "Todortsev, Victor"]
[Result "1-0"]
[WhiteElo "2385"]
[BlackElo "1932"]
[PlyCount "75"]
[EventDate "2013.??.??"]

1. e4 c5 2. Nf3 Nc6 3. Bb5 a6 4. Bxc6 bxc6 5. d3 d6 6. Nbd2 g6 7. e5 d5 8. O-O
Bg7 9. Re1 e6 10. Nb3 Bf8 11. Bg5 Be7 12. Bxe7 Qxe7 13. Qd2 h5 14. Qc3 Rb8 15.
Nxc5 Nh6 16. Nd4 Qc7 17. h3 O-O 18. b4 Qb6 19. a3 Kg7 20. Na4 Qb7 21. Qxc6 Bd7
22. Qxb7 Rxb7 23. Nc5 Ra7 24. a4 Rb8 25. c3 Be8 26. f4 Nf5 27. Nxf5+ gxf5 28.
d4 Bc6 29. Kf2 Rg8 30. Rab1 Kh6 31. Re2 h4 32. b5 axb5 33. axb5 Rb8 34. Reb2
Be8 35. b6 Ra3 36. Rb3 Ra2+ 37. R1b2 Ra1 38. b7 1-0

[Event "Mechanics' Neil Falconer TNM; 30/90, SD"]
[Site "San Francisco"]
[Date "2013.08.20"]
[Round "3.3"]
[White "Winslow, Elliott"]
[Black "Andries, Craig"]
[Result "1-0"]
[WhiteElo "2298"]
[BlackElo "1956"]
[Annotator "Donaldson"]
[PlyCount "117"]
[EventDate "2013.??.??"]

1. e4 g6 2. d4 Bg7 3. c4 d6 4. Nc3 Nf6 5. Nf3 O-O 6. Be2 e5 7. Be3 Ng4 8. Bg5
f6 9. Bh4 Nc6 10. d5 Ne7 11. Nd2 Nh6 12. f3 c6 $2 {Black does White's job for
him. Instead of having to play c4-c5 and cxd6 White wins several tempi. Black
should have played on the kingside right away.} 13. Bf2 cxd5 14. cxd5 b6 15. a4
f5 16. a5 Rb8 17. axb6 axb6 18. Nb5 g5 19. Nc4 Rf6 20. O-O Nf7 21. Qb3 Ng6 22.
Rfc1 fxe4 23. fxe4 Nf4 24. Bf1 Qd7 25. Nxb6 Qd8 26. Rxc8 Rxc8 27. Nxc8 Qxc8 28.
Na7 Qg4 29. Qf3 Nh6 30. Qxg4 Nxg4 31. Bb6 Rf7 32. g3 Ng6 33. Nc6 Rb7 34. Ra8+
Bf8 35. Rb8 Rf7 36. Nd8 Rd7 37. Bh3 h5 38. Bxg4 hxg4 39. Rb7 Re7 40. Rxe7 Bxe7
41. Nb7 Nh8 42. Kf2 Kf8 43. Na5 Nf7 44. Nc4 Ke8 45. Ne3 Nh6 46. Ke2 Kd7 47. Kd3
Bf8 48. Kc4 Kc8 49. Kb5 Kb7 50. Bd8 Nf7 51. Bf6 Bh6 52. Nc4 Bf8 53. Na5+ Kc7
54. Ka6 Kd7 55. b4 Be7 56. Bxe7 Kxe7 57. b5 Kd7 58. b6 Nd8 59. Nc6 1-0

[Event "Mechanics' Spring TNM; 30/90, SD/30"]
[Site "San Francisco"]
[Date "2013.04.16"]
[Round "5.3"]
[White "Winslow, Elliott"]
[Black "Byambaa, Uyanga"]
[Result "1-0"]
[WhiteElo "2319"]
[BlackElo "2113"]
[PlyCount "95"]
[EventDate "2013.??.??"]

1. e4 c5 2. Nf3 Nc6 3. d4 cxd4 4. Nxd4 Nf6 5. Nc3 e5 6. Ndb5 d6 7. Bg5 a6 8.
Na3 b5 9. Nd5 Be7 10. Bxf6 Bxf6 11. c3 O-O 12. Nc2 Bg5 13. a4 bxa4 14. Rxa4 a5
15. Bc4 Rb8 16. b3 Ne7 $6 (16... Kh8 17. O-O f5 18. exf5 Bxf5 19. Nce3 Bg6 20.
Bd3) 17. Nxe7+ Bxe7 18. Ne3 Bd7 19. Ra2 Bb5 $2 {
The bishop was needed to guard d5.} 20. Bxb5 Rxb5 21. Nd5 Qd7 22. c4 Rc5 23.
O-O Rb8 24. Qd3 Kf8 25. g3 Qb7 26. Rb1 Qc8 27. Kg2 h5 28. f4 exf4 29. Nxf4 h4
30. Nd5 Qg4 31. Rf2 Rbc8 32. Rbf1 f6 33. Rf5 hxg3 34. hxg3 Kf7 35. R1f4 Qg6 36.
Rh4 Ke8 37. Rh8+ Bf8 38. Nf4 Qf7 39. Qxd6 R5c6 (39... R8c6 40. Rxf8+ Qxf8 41.
Qxf8+ Kxf8 42. Rxc5 Rxc5 43. Ne6+) 40. Qa3 g5 41. Ng6 Kd7 (41... Qxg6 42. Rxf8+
(42. Qxf8+ Kd7 43. Rd5+ Ke6 44. Rd6+ Rxd6 (44... Ke5 45. Qe7#) 45. Qxc8+ Ke5
46. Qc5+ Ke6) 42... Kd7 43. Rxc8 Kxc8 44. Qxa5) 42. Nxf8+ Rxf8 43. Rxf8 Qe6 44.
Rd5+ Kc7 45. Qxa5+ Rb6 46. Rc5+ Kd6 47. Qxb6+ Ke7 48. Qd8# 1-0

[Event "Mechanics' Neil Falconer TNM; 30/90, SD"]
[Site "San Francisco"]
[Date "2013.08.13"]
[Round "2.3"]
[White "Winslow, Elliott"]
[Black "Chernobilskiy, Mikhail"]
[Result "1-0"]
[WhiteElo "2298"]
[BlackElo "1883"]
[PlyCount "81"]
[EventDate "2013.??.??"]

1. e4 d5 2. exd5 Qxd5 3. Nc3 Qd6 4. d4 Nf6 5. Nge2 c6 6. Bf4 Qd8 7. h3 h5 8. g3
Bf5 9. Bg2 e6 10. O-O Bd6 11. Qd2 O-O 12. Bg5 Nbd7 13. Rfd1 Qa5 14. a3 Bxc2 15.
Bxf6 Bxd1 16. Bxg7 Kxg7 17. Rxd1 Nf6 18. d5 Nh7 19. dxc6 Rad8 20. Qc2 bxc6 21.
Bxc6 Qc5 22. Bg2 h4 23. b4 Qe5 24. Ne4 hxg3 25. f4 Qf5 26. Rxd6 Rxd6 27. Qb2+
Kh6 28. Nxd6 Qd3 29. Ne4 Qd1+ 30. Bf1 g2 31. Kxg2 Rg8+ 32. Kf2 Qd8 33. Qe5 Rg6
34. N2g3 f5 35. Nd6 Qb6+ 36. Kg2 Qc6+ 37. Kh2 Nf6 38. Bg2 Qc1 39. Nf7+ Kg7 40.
Ng5 Qxa3 41. Nh5+ 1-0

[Event "Mechanics' Spring TNM; 30/90, SD/30"]
[Site "San Francisco"]
[Date "2013.03.26"]
[Round "2.1"]
[White "Winslow, Elliott"]
[Black "Delmonico, Nils"]
[Result "1-0"]
[WhiteElo "2319"]
[BlackElo "1969"]
[PlyCount "77"]
[EventDate "2013.??.??"]

1. c4 c5 2. Nc3 Nc6 3. Nf3 g6 4. e3 Bg7 5. d4 cxd4 6. exd4 d6 7. h3 Nf6 8. Be3
Bd7 9. d5 Nb8 10. Be2 O-O 11. O-O Na6 12. Rc1 Nc5 13. b4 Nce4 14. Nxe4 Nxe4 15.
Bd4 a5 16. Bxg7 Kxg7 17. Qd4+ Nf6 18. b5 Re8 19. Rfd1 e5 20. dxe6 Rxe6 21. Bf1
h6 22. c5 dxc5 23. Rxc5 Re4 24. Qc3 Qe8 25. Ne5 Be6 26. Bd3 Rb4 27. Bxg6 Rc8
28. Rxc8 Qxc8 29. Qxc8 Bxc8 30. Bxf7 Rxb5 31. f4 Rb4 32. Rc1 Bf5 33. Rc7 Kf8
34. g4 Rb1+ 35. Kh2 Rb2+ 36. Kg3 Be4 37. f5 Rb6 38. Ng6+ Kg7 39. Bd5+ 1-0